000 00546nam a2200205 a 4500
001 50187
003 BD-RjUL
005 20211209075454.0
008 16824 s1913 enk 000 0
035 _a(BD-RjUL)50307
040 _aBD-RjUL
_beng
_cBD-RjUL
_dBD-RjUL
041 _aeng
082 _223
_a371.1
_bFON 1913
100 0 _aFourth form
_9150434
245 1 4 _aThe new schoolmaster /
_cby Fourth form
260 _aLondon :
_bSmith, elder & co.,
_c1913
300 _axv, 296 p. ;
_c21 cm.
650 _aTeachers
_9150435
942 _2ddc
_cBK
999 _c50187
_d50187